The emergence of Bangladesh : a history of East Pakistan : part one, 1947-1958 /

Bibliografiske detaljer
Hovedforfatter: Umar, Badruddin
Format: Bog
Sprog:English
Udgivet: Dhaka : Bangala Gobeshona Publication, 2017, 2022.
Fag:
Classic Catalogue: View this record in Classic Catalogue
LEADER 04034nam a22003857a 4500
001 41498
003 BD-DhAAL
005 20260127143224.0
008 230723t20042017bg ||||| b||| 00| 0 eng d
020 |a 9789849430728 
040 |a BD-DhAAL  |c BD-DhAAL 
082 |a 954.9204  |2 23 
100 |a Umar, Badruddin.  |9 55046 
245 |a The emergence of Bangladesh :  |b a history of East Pakistan :  |n part one, 1947-1958 /  |c Badruddin Umar. 
246 |a The emergence of Bangladesh. 
260 |a Dhaka :  |b Bangala Gobeshona Publication,  |c 2017, 2022. 
300 |a xi, 371 pages,  |a xi, 389 pages ;  |c 23 cm. 
504 |a Includes bibliographical references and index. 
526 |a GenEd (RS)  |x Dr. Tahseen H. Ali Assistant Dean of the School of General Education Course Name and No.: 'Emergence of Bangladesh (EMB-101)' 
541 |a Development Book Agency, Karim International, Book Finder International  |e 41498, 42539, 42540, 42541, 45277, 45278, 45279, 45280, 45281, 45282 
650 |a Social conflict  |z Bangladesh. 
651 |a Bangladesh  |x Politics and government. 
852 |a Ayesha Abed Library 
942 |2 ddc  |c BK 
999 |c 46006  |d 46006 
952 |0 0  |1 0  |2 ddc  |4 0  |6 954_920400000000000_UMA  |7 0  |9 74098  |a SCL  |b SCL  |c GEN  |d 2023-07-20  |e Development Book Agency  |g 745.00  |l 13  |m 7  |o 954.9204 UMA  |p 3020041498  |r 2025-12-21  |s 2025-09-14  |t 1  |v 745.00  |w 2023-07-20  |y BK 
952 |0 0  |1 0  |2 ddc  |4 0  |6 954_920400000000000_UMA  |7 0  |9 75357  |a SCL  |b SCL  |c GEN  |d 2024-04-21  |e Karim International  |g 770.00  |l 11  |m 11  |o 954.9204 UMA  |p 3020042541  |r 2026-04-20  |s 2026-04-13  |t 4  |v 770.00  |w 2024-04-21  |y BK 
952 |0 0  |1 0  |2 ddc  |4 0  |6 954_920400000000000_UMA  |7 0  |9 75358  |a SCL  |b SCL  |c GEN  |d 2024-04-21  |e Karim International  |g 770.00  |l 10  |m 9  |o 954.9204 UMA  |p 3020042540  |r 2025-09-15  |s 2025-09-11  |t 3  |v 770.00  |w 2024-04-21  |y BK 
952 |0 0  |1 0  |2 ddc  |4 0  |6 954_920400000000000_UMA  |7 0  |9 75359  |a SCL  |b SCL  |c GEN  |d 2024-04-21  |e Karim International  |g 770.00  |l 10  |m 15  |o 954.9204 UMA  |p 3020042539  |r 2025-12-21  |s 2025-12-08  |t 2  |v 770.00  |w 2024-04-21  |y BK 
952 |0 0  |1 0  |2 ddc  |4 0  |6 954_920400000000000_UMA  |7 0  |9 78700  |a SCL  |b SCL  |c GEN  |d 2026-01-14  |e Book Finder International   |g 628.00  |l 0  |o 954.9204 UMA  |p 3020045280  |r 2026-01-14  |t 8  |v 1256.00  |w 2026-01-14  |y BK  |x Requisitioned by Dr. Tahseen H. Ali, Assistant Dean of the School of General Education, for the course titled- 'Emergence of Bangladesh (EMB-101)'. 
952 |0 0  |1 0  |2 ddc  |4 0  |6 954_920400000000000_UMA  |7 0  |9 78701  |a SCL  |b SCL  |c GEN  |d 2026-01-14  |e Book Finder International   |g 628.00  |l 0  |o 954.9204 UMA  |p 3020045281  |r 2026-01-14  |t 9  |v 1256.00  |w 2026-01-14  |y BK  |x Requisitioned by Dr. Tahseen H. Ali, Assistant Dean of the School of General Education, for the course titled- 'Emergence of Bangladesh (EMB-101)'. 
952 |0 0  |1 0  |2 ddc  |4 0  |6 954_920400000000000_UMA  |7 0  |9 78702  |a SCL  |b SCL  |c GEN  |d 2026-01-14  |e Book Finder International   |g 628.00  |l 1  |o 954.9204 UMA  |p 3020045282  |r 2026-04-29  |s 2026-02-05  |t 10  |v 1256.00  |w 2026-01-14  |y BK  |x Requisitioned by Dr. Tahseen H. Ali, Assistant Dean of the School of General Education, for the course titled- 'Emergence of Bangladesh (EMB-101)'. 
952 |0 0  |1 0  |2 ddc  |4 0  |6 954_920400000000000_UMA  |7 0  |9 78703  |a SCL  |b SCL  |c GEN  |d 2026-01-14  |e Book Finder International   |g 628.00  |l 0  |o 954.9204 UMA  |p 3020045279  |r 2026-01-14  |t 7  |v 1256.00  |w 2026-01-14  |y BK  |x Requisitioned by Dr. Tahseen H. Ali, Assistant Dean of the School of General Education, for the course titled- 'Emergence of Bangladesh (EMB-101)'. 
952 |0 0  |1 0  |2 ddc  |4 0  |6 954_920400000000000_UMA  |7 0  |9 78704  |a SCL  |b SCL  |c GEN  |d 2026-01-14  |e Book Finder International   |g 628.00  |l 0  |o 954.9204 UMA  |p 3020045277  |r 2026-01-14  |t 5  |v 1256.00  |w 2026-01-14  |y BK  |x Requisitioned by Dr. Tahseen H. Ali, Assistant Dean of the School of General Education, for the course titled- 'Emergence of Bangladesh (EMB-101)'. 
952 |0 0  |1 0  |2 ddc  |4 0  |6 954_920400000000000_UMA  |7 0  |9 78705  |a SCL  |b SCL  |c GEN  |d 2026-01-14  |e Book Finder International   |g 628.00  |l 0  |o 954.9204 UMA  |p 3020045278  |r 2026-01-14  |t 6  |v 1256.00  |w 2026-01-14  |y BK  |x Requisitioned by Dr. Tahseen H. Ali, Assistant Dean of the School of General Education, for the course titled- 'Emergence of Bangladesh (EMB-101)'.